• 首页
  • 本馆介绍
  • 公告通知
  • 最新文献
  • 馆藏检索
  • 电子资源
  • 读者导购
  • 参考咨询
  • 我的图书馆
  • 登录
  • 详细信息显示
  • 放入我的书架
  • 预约/预借图书
  • 作者相关作品
  • 分类相关作品
  • 丛书相关作品
  • 出版社相关作品

书目信息

  • 表格格式
  • 工作单格式
  • 卡片格式
题名:
高等数学基础
    
 
作者: 陈荩民 编
分册: 上册  
出版信息: 北京   人民教育出版社  1978
页数: 446页
开本: 19cm
丛书名:
单 册:
中图分类: O143
科图分类:
主题词: 数理逻辑 , 数学基础
电子资源:
ISBN:
000 00664nam0 2200253 45
001 0178005692
005 20060523171137.96
010    @dCNY1.05
091    @a13012.0182
100    @a19950725d1978 em y0chiy0121 ea
101 0  @achi
102    @aCN@b110000
105    @ay z 000yy
200 10 @a高等数学基础@AGao Deng Shu Xue Ji Chu@h上册@f陈荩民等编@Fchen jin min deng bian
205    @a2版
210    @a北京@c人民教育出版社@d1978
215    @a446页@d19cm
300    @a高等学校数学教学参考书
606 0  @a数理逻辑
606 0  @a数学基础
690    @aO143@v3
701  0 @a陈荩民@Achen jin min@4编
801  0 @aCN@bNLC@c20060523
905    @dO143@e14:1=2
    
    高等数学基础.上册/陈荩民等编.-2版.-北京:人民教育出版社,1978
    446页;19cm
    高等学校数学教学参考书
    
    ISBN :CNY1.05
    
●
相关链接 在E读中查询图书 在五车中查询图书 在当当中查询图书 在豆瓣中查询图书


正题名:高等数学基础     索取号:O143/14:1=2         预约/预借

序号 登录号 条形码 馆藏地/架位号 状态 备注
1 0020606   202360694   密集书库/ [索取号:O143/14:1=2] 在馆    
2 0020607   202360738   密集书库/ [索取号:O143/14:1=2] 在馆    
3 0020608   202360612   密集书库/ [索取号:O143/14:1=2] 在馆    
4 0020609   202390849   密集书库/ [索取号:O143/14:1=2] 在馆    
5 0020610   202323930   密集书库/ [索取号:O143/14:1=2] 在馆    
6 0020611   202360649   密集书库/ [索取号:O143/14:1=2] 在馆    
7 0020612   202360382   密集书库/ [索取号:O143/14:1=2] 在馆    
8 0020616   202360658   密集书库/ [索取号:O143/14:1=2] 在馆    
9 0020617   202360550   密集书库/ [索取号:O143/14:1=2] 在馆    
10 0020618   202360603   密集书库/ [索取号:O143/14:1=2] 在馆    
11 0020619   202360426   密集书库/ [索取号:O143/14:1=2] 在馆    
12 0020620   202360355   密集书库/ [索取号:O143/14:1=2] 在馆    
13 0020621   202258289   密集书库/ [索取号:O143/14:1=2] 在馆    
14 0020623   202360462   密集书库/ [索取号:O143/14:1=2] 在馆    
15 0020624   001930799   第三借阅区/ [索取号:O143/14:1=2] 在馆    
16 0020625   202360435   密集书库/ [索取号:O143/14:1=2] 在馆    
17 0020626   202360391   密集书库/ [索取号:O143/14:1=2] 在馆    
18 0020627   202360471   密集书库/ [索取号:O143/14:1=2] 在馆    
19 0020630   202334624   密集书库/ [索取号:O143/14:1=2] 在馆    
20 0020631   202323994   密集书库/ [索取号:O143/14:1=2] 在馆    
21 0020632   202360685   密集书库/ [索取号:O143/14:1=2] 在馆    
22 0020634   202360729   密集书库/ [索取号:O143/14:1=2] 在馆    
23 0086569   202334704   密集书库/ [索取号:O143/14:1=2] 在馆    
24 0086570   202258029   密集书库/ [索取号:O143/14:1=2] 在馆    
25 0086571   202334713   密集书库/ [索取号:O143/14:1=2] 在馆    
26 0086572   202334679   密集书库/ [索取号:O143/14:1=2] 在馆    
27 0086573   202140003   密集书库/ [索取号:O143/14:1=2] 在馆    
28 0086574   000408927   第三借阅区/ [索取号:O143/14:1=2] 在馆    
29 0086575   000408918   第三借阅区/ [索取号:O143/14:1=2] 在馆    
30 0086576   000408909   第二样本阅览室/ [索取号:O143/14:1=2] 在馆    
31 0086578   202360578   密集书库/ [索取号:O143/14:1=2] 在馆    
唐山师范学院图书馆 欢迎您!
大连网信软件有限公司© 版权所有